Система автоматизированного управления комплексом аппаратов фторирования и улавливания производства гексафторида урана; Фторидные технологии

Bibliografiske detaljer
Parent link:Фторидные технологии.— 2009.— С. 63
Hovedforfatter: Байдали С. А. Сергей Анатольевич
Andre forfattere: Дядик В. Ф. Валерий Феодосиевич
Sprog:russisk
Udgivet: 2009
Fag:
Format: MixedMaterials Book Chapter
KOHA link:https://koha.lib.tpu.ru/cgi-bin/koha/opac-detail.pl?biblionumber=198896

MARC

LEADER 00000naa2a2200000 4500
001 198896
005 20231031184113.0
035 |a (RuTPU)RU\TPU\book\216909 
090 |a 198896 
100 |a 20110712d2009 k y0rusy50 ca 
101 0 |a rus 
102 |a RU 
200 1 |a Система автоматизированного управления комплексом аппаратов фторирования и улавливания производства гексафторида урана  |f С. А. Байдали, В. Ф. Дядик 
463 0 |0 (RuTPU)RU\TPU\book\208731  |y 5-98298-470-1  |t Фторидные технологии  |o тезисы докладов Всероссийской научно-практической конференции, 25-26 июня 2009 г. г. Томск  |f Томский политехнический университет (ТПУ), Физико-технический факультет; ООО "Фторидные технологии"  |v С. 63  |d 2009  |p 79 с. 
610 1 |a фторирование 
610 1 |a системы автоматизированного управления 
610 1 |a улавливание 
610 1 |a гексафторид урана 
610 1 |a производство 
610 1 |a труды учёных ТПУ 
700 1 |a Байдали  |b С. А.  |c специалист в области автоматизации технологических процессов  |c ассистент Томского политехнического университета  |f 1984-  |g Сергей Анатольевич  |2 stltpush  |3 (RuTPU)RU\TPU\pers\25481 
701 1 |a Дядик  |b В. Ф.  |c российский ученый, специалист в области автоматизации технологических процессов  |c доцент Томского политехнического университета, кандидат технических наук  |f 1939-  |g Валерий Феодосиевич  |2 stltpush  |3 (RuTPU)RU\TPU\pers\25485 
801 1 |a RU  |b 63413507  |c 20110712 
942 |c BK